| 000 | 00733cam a2200205u 4500 | ||
|---|---|---|---|
| 001 | 000001144 | ||
| 005 | 20200929145504.0 | ||
| 008 | 820119b ec 000 0 spa | ||
| 040 |
_aDO-SdBNP _bspa _cBNPHU |
||
| 082 |
_aE864.5 _bC198j |
||
| 100 | 1 |
_aCampos, José Antonio, _d1868- _93908 |
|
| 245 | 1 | 0 |
_aJack the Ripper : _bcosas de mi tierra / _cJosé Antonio Campos ; introducción Hernán de Rodríguez Castelo. |
| 260 |
_aGuayaquil, Ecuador : _bPublicacione Educativas Ariel, _c[195?.]. |
||
| 300 |
_a189 p. ; _c18 cm. |
||
| 490 | 1 |
_aClásicos ariel ; _v19 |
|
| 650 | 4 |
_aEnsayos ecuatorianos _93909 |
|
| 650 | 4 |
_aLiteratura ecutoriana _93910 |
|
| 700 | 1 |
_aRodríguez Castelo, Hernán de _93911 |
|
| 830 | 0 |
_aClásicos ariel _n19 _93912 |
|
| 999 |
_c1098 _d1098 |
||